MDQL
is popping MORE tags! Check the
thread
!
Quizzes
Events
Quiz Creation
Community
Videos
Private Events
Remove Ads
Sign In
Join for FREE
Feedback
Dark Mode
Quiz Categories
Sports
Geography
Music
Movies
Television
Just For Fun
Miscellaneous
History
Literature
Language
Science
Gaming
Entertainment
Religion
Holiday
For Kids
Quiz Lab
Recent
Popular Today
Quiz Kudos Today
Editor Picks
Curator Picks
Quizzes by...
Day
Popularity
Type
Ratings
Length
Year
Community
Subscriptions
Recent Discussions
Orange Saloon
Badges
Playlists
Quests
Create
Leaderboards
Showdown
Live 5
Trivia Bingo
Activity
Puzzle Library
Sporcle Events
Private Events
Virtual Trivia
Globe League
Become a Host
Pub Owners
SporcleCon
Opinionation
Our Games
Videos
Blog
Mobile Apps
Partnerships
Remove Ads and Go Orange
Feedback
Sports
Athletes
MLB
NBA
NHL
NFL
Soccer
Sports Teams
WWE
NCAA
Football
Premier League
Basketball
Baseball
Hockey
Golf
Tennis
Cricket
Rugby
Auto Racing
Olympics
World Cup
Sports
Athletes
MLB
NBA
NHL
NFL
Soccer
Sports Teams
WWE
NCAA
Football
Premier League
Basketball
Baseball
Hockey
Golf
Tennis
Cricket
Rugby
Auto Racing
Olympics
World Cup
Random Quiz
Search Sporcle
×
Quiz Lab
Quiz Lab
Sports
senator
Type in answers that appear in a list
Type in answers that appear in a list
Classic
Best Score? Go Orange.
Sens 102 - I: Name That Senator! Stats
Sens 102 - I:Name That Senator!
By
belanger90
10m
25 Questions
21 Plays
21 Plays
21 Plays
Comments
Comments
Give Quiz Kudos
Give Quiz Kudos
-
- Ratings
hide this ad
Forced Order
Answers have to be entered in order
Answers have to be entered in order
Replay
Link that replays current quiz
Next Quiz
Link to next quiz in quiz playlist
You Got
0%
They Got
Avg Score
56%
Avg Friend Score
Upgrade to see
Score Distribution
Jump to the score distribution portion of the page
Score
0/25
Timer
10:00
0
Plays Today
Hint
Answer
% Correct
Named team captain for the 2013-
14 season.
Jason Spezza
95.2%
Leads the Ottawa Senators in all-
time PIMs?
Chris Neil
90.5%
Winner of the 2011-
12 James Norris Memorial Trophy (Defenseman of the Year).
Erik Karlsson
85.7%
Traded to the Ottawa Senators on July 5th, 2013 for Jakob Silfverberg, Stefan Noesen and a 1st round selection in 2014.
Bobby Ryan
81%
Signed as a UFA with Ottawa on July 5, 2013 after having played the 2013 season with the Maple Leafs.
Clarke MacArthur
81%
Scored a hat-
trick in game 3 of the 2012-
13 NHL playoffs against Montreal.
Jean-Gabriel Pageau
71.4%
Wears number 15.
Zack Smith
71.4%
Born in Ottawa; Drafted by the Ottawa 67s in the 1st round (16th overall) of the 2009 OHL draft; and drafted by the Ottawa Senators in the 1st round (15th overall) in 2012.
Cody Ceci
66.7%
Missed 12 games during the 2011-
12 because of a finger injury caused by 'a frozen chicken incident'
Craig Anderson
66.7%
Was invited to the 2014 team Canada Olympic camp in the summer of 2013.
Marc Methot
66.7%
Made the 2014 Czech Republic Olympic team.
Milan Michalek
61.9%
Drafted by the Ottawa Senators in the 1st round (1st overall) in 1996.
Chris Phillips
61.9%
Raised in Huddinge, Sweden, with a father from Iran, and a mother from Finland.
Mika Zibanejad
52.4%
Hint
Answer
% Correct
Acquired on April 3, 2013 from the Tampa Bay Lightning for Ben Bishop
Cory Conacher
52.4%
Despised in Mtl for his infamous hit on Lars Eller during the 2013 playoffs.
Eric Gryba
52.4%
Shares his last name with a famous American late-
night talk show host
Jim O'Brien
52.4%
Born in Winnipeg, Manitoba & represented Canada at the 2012 World Junior Championships in
Mark Stone
47.6%
Finish the line: ' Release the _
_
_
_
_
_
_
_
!'
Robin Lehner
38.1%
Born in Paris, France
Stephane Dacosta
33.3%
His father is a Canadian lacrosse hall of famed from BC
Kyle Turris
33.3%
Drafted by the Ottawa Senators in the 1st round (17th overall) in 2013.
Curtis Lazar
28.6%
Suffered a life threatening injury by receiving a puck in the throat during an AHL game in 2011.
Patrick Wiercioch
28.6%
Born in St. John's Newfoundland
Colin Greening
28.6%
Largest player on the 2013-
14 roster at 6'4', 240 lbs.
Matt Kassian
28.6%
Oldest player on the 2013-
14 Ottawa Senators roster.
Joe Corvo
23.8%
Quiz Playlist
Details
Report
Send in Message
Add To Playlist
Classic:
Type in answers that appear in a list
Forced Order:
Answers have to be entered in order
Last Updated: Feb 16, 2017
Quiz Scoreboard
CHALLENGE
Sign Up to Join the Scoreboard
Show All
Scores
Hide
Comments
May contain spoilers
Recently Published
Two Season TV Shows II
by 123Four
Television
10m
Image Sorting: Flags VI
by Barbecue
Geography
2m
Find the 'City' Movie
by crazypaving
Movies
60s
More to Explore
Quiz From the Vault
Featured Blog Post
14 Easter Pick-up Lines to Find Eggs With
hide this ad
You Might Also Like...
Tags
102
sen
senator
Today's Top Quizzes in Sports
Browse Sports
hide this ad
Today's Top Quizzes in senator
Browse senator
Top Contributed Quizzes in Sports
1
Les meilleurs buteurs des matchs entre le PSG et l’OM
2
Les entraîneurs de l'OM et du PSG au 21e siècle
3
2022 World Cup Stars
4
Les joueurs passés par le PSG et l'OM
5
Players with Multiple 50 Home Run Seasons
6
Criteria MLB: Left Handed Sluggers
7
FIFA Club World Cup Champions
8
Les joueurs passés par le LOSC et le RC Lens
9
NBA Logic Puzzle 2.0
10
Top 10 NHL Goal Scorers of All Time
Explore More
Trending Topics
NBA
Kpop
Disney
Crossword
Anime
Harry Potter
Marvel
The Office
WWE
NFL
Soccer
Country
Pokémon
Puzzle
Song
hide this ad
More By:
belanger90
Quiz
Plays
Rating
Category
Featured
Created
Sens 102 - I: Name That Senator!
21
Sports
Jan 31, 2014
Canada/US Taxation Acronyms
16
Miscellaneous
Feb 3, 2014
Sens 101- 30 Questions in 5 mins - quiz 1
13
Sports
Nov 7, 2014
Sens 101- 30 Questions in 5 mins II
7
Sports
Nov 26, 2014
GES Tax
5
Miscellaneous
Feb 4, 2014
Go to Creator's Profile
Score Distribution
Quiz Creator Spotlight
belanger90
Follow
Send a Message
Quizzes Created
-
Created Quiz Play Count
-
More By This Creator
Popular Quizzes Today
1
Colored Red Africa Blitz
2
Find the US States - No Outlines Minefield
3
Find the 'City' Movie
4
5x2 Blitz: Bands
5
The Countries of the World
6
Find the US States
7
Find the Countries of Europe - No Outlines Minefield
8
US States
More Sports Quizzes
CFL Teams All-time
Curator's Pick
Trending Quizzes
Colored Red Europe Blitz I
Colored Red Africa Blitz II
Colored Red Europe Blitz II
Colored Red Africa Blitz III
Colored Red Europe Blitz III
Recently Updated
How Do You Spell That?
pecheneg
Godzilla Movies
pecheneg
Grab Bag: 4-10 Letters
pecheneg
2024 March Madness Bracket
pecheneg
Famous TV Couples
Peacemaker
Champions League XIs: Real Madrid
pecheneg
Largest US Cities 1790-2010
pecheneg
Rides in Walt Disney World
pecheneg
Most Oscar Losses (Acting)
pecheneg
Beyoncé Albums
pecheneg
Trending Topics
Harry Potter
NBA
Marvel
Crossword
Kpop
Disney
Anime
Puzzle
The Office
Song
Soccer
Pokémon
Country
WWE
NFL
Your Account Isn't Verified!
In order to create a playlist on Sporcle, you need to verify the email address you used during registration. Go to your
Sporcle Settings
to finish the process.
Report this User
Report this user for behavior that violates our
Community Guidelines
.
Details:
Send Report
Go to the Sporcle.com Mobile Site →
Comments